[Event "Deutsche Ländermeisterschaft 2025"]
[Site "Oer-Erkenschwick GER"]
[Date "2025.10.05"]
[Round "7"]
[White "Schwitkowski, Luka"]
[Black "Andersen, Jonathan"]
[Result "1-0"]
[Termination "normal"]
[Board "5.3"]
[WhiteElo "2119"]
[BlackElo "1886"]
[WhiteClock "01:06:26"]
[BlackClock "00:29:26"]
[WhiteTeam "Nordrhein-Westfalen 2"]
[BlackTeam "Hamburg 1"]
[PlyCount "95"]
[WhiteFideId "34610669"]
[BlackFideId "34623884"]
[EventCountry "GER"]
[EventRounds "7"]
[EventType "team-swiss"]
[EventDate "2025.09.30"]

1. Nf3 {[%clk 01:30:53]} {[%emt 00:00:06]} Nf6 {[%clk 01:30:49]} {[%emt
00:00:11]} 2. g3 {[%clk 01:31:13]} {[%emt 00:00:10]} g6 {[%clk 01:31:13]}
{[%emt 00:00:04]} 3. Bg2 {[%clk 01:31:40]} {[%emt 00:00:04]} Bg7 {[%clk
01:31:33]} {[%emt 00:00:11]} 4. O-O {[%clk 01:32:06]} {[%emt 00:00:04]} c5
{[%clk 01:31:45]} {[%emt 00:00:19]} 5. c4 {[%clk 01:32:20]} {[%emt 00:00:16]}
O-O {[%clk 01:31:53]} {[%emt 00:00:21]} 6. d4 {[%clk 01:32:42]} {[%emt
00:00:08]} cxd4 {[%clk 01:32:16]} {[%emt 00:00:08]} 7. Nxd4 {[%clk 01:33:06]}
{[%emt 00:00:06]} d6 {[%clk 01:31:42]} {[%emt 00:01:03]} 8. Nc3 {[%clk
01:33:29]} {[%emt 00:00:08]} a6 {[%clk 01:31:32]} {[%emt 00:00:38]} 9. b3
{[%clk 01:33:36]} {[%emt 00:00:25]} Qc7 {[%clk 01:24:41]} {[%emt 00:07:20]} 10.
Bb2 {[%clk 01:32:16]} {[%emt 00:01:51]} Nc6 {[%clk 01:19:09]} {[%emt 00:06:02]}
11. Nc2 {[%clk 01:31:08]} {[%emt 00:01:38]} Be6 {[%clk 01:18:39]} {[%emt
00:01:00]} 12. Ne3 {[%clk 01:30:11]} {[%emt 00:01:27]} Qa5 {[%clk 01:10:21]}
{[%emt 00:08:47]} 13. Qd2 {[%clk 01:18:43]} {[%emt 00:11:59]} Rac8 {[%clk
01:04:32]} {[%emt 00:06:17]} 14. Rfd1 {[%clk 01:17:37]} {[%emt 00:01:37]} Rfd8
{[%clk 01:00:32]} {[%emt 00:04:30]} 15. Ncd5 {[%clk 01:14:58]} {[%emt
00:03:10]} Qxd2 {[%clk 00:57:11]} {[%emt 00:03:50]} 16. Rxd2 {[%clk 01:15:26]}
{[%emt 00:00:02]} Bxd5 {[%clk 00:57:20]} {[%emt 00:00:22]} 17. cxd5 {[%clk
01:14:07]} {[%emt 00:01:49]} Nb8 {[%clk 00:56:57]} {[%emt 00:00:51]} 18. Nc4
{[%clk 01:06:38]} {[%emt 00:07:59]} Nbd7 {[%clk 00:55:31]} {[%emt 00:01:57]}
19. e4 {[%clk 01:06:11]} {[%emt 00:00:57]} Nc5 {[%clk 00:25:22]} {[%emt
00:30:39]} 20. Re1 {[%clk 01:03:11]} {[%emt 00:03:30]} Nfd7 {[%clk 00:21:44]}
{[%emt 00:04:08]} 21. Bxg7 {[%clk 01:01:37]} {[%emt 00:02:04]} Kxg7 {[%clk
00:21:55]} {[%emt 00:00:19]} 22. f4 {[%clk 01:00:42]} {[%emt 00:01:22]} f6
{[%clk 00:13:15]} {[%emt 00:09:13]} 23. h4 {[%clk 00:49:32]} {[%emt 00:11:40]}
Rc7 {[%clk 00:13:00]} {[%emt 00:00:45]} 24. h5 {[%clk 00:48:25]} {[%emt
00:01:37]} g5 {[%clk 00:08:56]} {[%emt 00:04:35]} 25. Ne3 {[%clk 00:47:26]}
{[%emt 00:01:28]} gxf4 {[%clk 00:06:50]} {[%emt 00:02:36]} 26. gxf4 {[%clk
00:46:56]} {[%emt 00:01:00]} Rg8 {[%clk 00:05:55]} {[%emt 00:01:25]} 27. Kf2
{[%clk 00:46:59]} {[%emt 00:00:27]} Kf8 {[%clk 00:05:17]} {[%emt 00:01:08]} 28.
Nf5 {[%clk 00:46:42]} {[%emt 00:00:47]} Nd3+ {[%clk 00:04:37]} {[%emt
00:01:10]} 29. Rxd3 {[%clk 00:47:00]} {[%emt 00:00:11]} Rc2+ {[%clk 00:05:04]}
{[%emt 00:00:04]} 30. Re2 {[%clk 00:47:09]} {[%emt 00:00:21]} Rxg2+ {[%clk
00:03:46]} {[%emt 00:01:49]} 31. Kxg2 {[%clk 00:47:33]} {[%emt 00:00:05]} Rxe2+
{[%clk 00:04:11]} {[%emt 00:00:05]} 32. Kf3 {[%clk 00:47:52]} {[%emt 00:00:12]}
Rh2 {[%clk 00:02:18]} {[%emt 00:02:22]} 33. Rc3 {[%clk 00:47:14]} {[%emt
00:01:08]} Nc5 {[%clk 00:02:44]} {[%emt 00:00:03]} 34. Ng3 {[%clk 00:47:39]}
{[%emt 00:00:06]} Rxa2 {[%clk 00:01:29]} {[%emt 00:01:46]} 35. b4 {[%clk
00:46:52]} {[%emt 00:01:16]} Na4 {[%clk 00:01:09]} {[%emt 00:00:51]} 36. Rc8+
{[%clk 00:46:33]} {[%emt 00:00:48]} Kf7 {[%clk 00:01:35]} {[%emt 00:00:05]} 37.
Rc7 {[%clk 00:45:00]} {[%emt 00:02:02]} Ra3+ {[%clk 00:02:01]} {[%emt
00:00:04]} 38. Kg4 {[%clk 00:45:16]} {[%emt 00:00:14]} Rb3 {[%clk 00:00:36]}
{[%emt 00:01:56]} 39. Nf5 {[%clk 00:44:41]} {[%emt 00:01:04]} Rxb4 {[%clk
00:01:03]} {[%emt 00:00:04]} 40. Nxd6+ {[%clk 00:44:26]} {[%emt 00:00:45]} Kf8
{[%clk 00:01:23]} {[%emt 00:00:09]} 41. Rc8+ {[%clk 00:44:45]} {[%emt
00:00:10]} Kg7 {[%clk 00:01:44]} {[%emt 00:00:10]} 42. Nf5+ {[%clk 00:45:13]}
{[%emt 00:00:01]} Kf7 {[%clk 00:02:06]} {[%emt 00:00:10]} 43. Rc7 {[%clk
00:45:38]} {[%emt 00:00:04]} Kf8 {[%clk 00:29:12]} {[%emt 00:03:24]} 44. Rxe7
{[%clk 01:06:55]} {[%emt 00:09:14]} Nc5 {[%clk 00:28:47]} {[%emt 00:00:54]} 45.
d6 {[%clk 01:06:44]} {[%emt 00:00:40]} b5 {[%clk 00:28:45]} {[%emt 00:00:33]}
46. d7 {[%clk 01:05:59]} {[%emt 00:01:15]} Nxd7 {[%clk 00:29:07]} {[%emt
00:00:08]} 47. Rxd7 {[%clk 01:06:26]} {[%emt 00:00:02]} Rxe4 {[%clk 00:29:26]}
{[%emt 00:00:11]} 48. Rd3 {[%emt 00:01:18]} 1-0

[Event "Deutsche Ländermeisterschaft 2025"]
[Site "Oer-Erkenschwick GER"]
[Date "2025.10.05"]
[Round "7"]
[White "Ahryzkov, Ivan"]
[Black "Kalina, Lena"]
[Result "0-1"]
[Termination "normal"]
[Board "5.4"]
[WhiteElo "1870"]
[BlackElo "1891"]
[WhiteClock "00:15:43"]
[BlackClock "00:18:34"]
[WhiteTeam "Hamburg 1"]
[BlackTeam "Nordrhein-Westfalen 2"]
[PlyCount "50"]
[WhiteFideId "34123750"]
[BlackFideId "12988014"]
[EventCountry "GER"]
[EventRounds "7"]
[EventType "team-swiss"]
[EventDate "2025.09.30"]

1. e4 {[%clk 01:30:58]} {[%emt 00:00:03]} c5 {[%clk 01:30:54]} {[%emt
00:00:06]} 2. d4 {[%clk 01:31:24]} {[%emt 00:00:04]} cxd4 {[%clk 01:31:12]}
{[%emt 00:00:12]} 3. Qxd4 {[%clk 01:31:45]} {[%emt 00:00:09]} Nc6 {[%clk
01:31:07]} {[%emt 00:00:35]} 4. Qd3 {[%clk 01:32:11]} {[%emt 00:00:04]} g6
{[%clk 01:29:31]} {[%emt 00:02:06]} 5. Nf3 {[%clk 01:32:16]} {[%emt 00:00:24]}
Bg7 {[%clk 01:28:59]} {[%emt 00:01:02]} 6. Nc3 {[%clk 01:31:22]} {[%emt
00:01:24]} Nf6 {[%clk 01:26:02]} {[%emt 00:03:27]} 7. Be2 {[%clk 01:31:45]}
{[%emt 00:00:08]} O-O {[%clk 01:23:23]} {[%emt 00:03:08]} 8. O-O {[%clk
01:32:10]} {[%emt 00:00:06]} d6 {[%clk 01:20:46]} {[%emt 00:03:06]} 9. Nd5
{[%clk 01:32:29]} {[%emt 00:00:11]} Nd7 {[%clk 01:17:39]} {[%emt 00:03:37]} 10.
c3 {[%clk 01:32:40]} {[%emt 00:00:19]} Nc5 {[%clk 01:14:02]} {[%emt 00:04:08]}
11. Qc2 {[%clk 01:33:01]} {[%emt 00:00:09]} e6 {[%clk 01:05:53]} {[%emt
00:08:38]} 12. Ne3 {[%clk 01:33:25]} {[%emt 00:00:05]} Qe7 {[%clk 00:58:19]}
{[%emt 00:08:05]} 13. Rd1 {[%clk 01:31:35]} {[%emt 00:02:19]} Rd8 {[%clk
00:57:40]} {[%emt 00:01:10]} 14. b4 {[%clk 01:30:12]} {[%emt 00:01:53]} Nd7
{[%clk 00:56:18]} {[%emt 00:01:53]} 15. Bb2 {[%clk 01:30:28]} {[%emt 00:00:14]}
Nb6 {[%clk 00:53:00]} {[%emt 00:03:47]} 16. Rd2 {[%clk 01:22:08]} {[%emt
00:08:50]} d5 {[%clk 00:50:19]} {[%emt 00:03:12]} 17. exd5 {[%clk 01:05:19]}
{[%emt 00:17:19]} exd5 {[%clk 00:50:26]} {[%emt 00:00:23]} 18. Rad1 {[%clk
01:04:54]} {[%emt 00:00:54]} Be6 {[%clk 00:49:35]} {[%emt 00:01:21]} 19. a3
{[%clk 00:41:04]} {[%emt 00:24:20]} Rac8 {[%clk 00:40:56]} {[%emt 00:09:09]}
20. Qd3 {[%clk 00:37:05]} {[%emt 00:04:29]} Bh6 {[%clk 00:29:29]} {[%emt
00:11:58]} 21. Qb5 {[%clk 00:24:55]} {[%emt 00:12:40]} Qc7 {[%clk 00:26:02]}
{[%emt 00:03:56]} 22. Qd3 {[%clk 00:15:13]} {[%emt 00:10:12]} Nc4 {[%clk
00:23:25]} {[%emt 00:03:08]} 23. Rc2 {[%clk 00:15:19]} {[%emt 00:00:23]} Nxe3
{[%clk 00:21:36]} {[%emt 00:02:19]} 24. fxe3 {[%clk 00:15:26]} {[%emt
00:00:22]} Bf5 {[%clk 00:21:23]} {[%emt 00:00:44]} 25. Qd2 {[%clk 00:15:43]}
{[%emt 00:00:13]} Re8 {[%clk 00:18:34]} {[%emt 00:03:19]} 0-1

[Event "Deutsche Ländermeisterschaft 2025"]
[Site "Oer-Erkenschwick GER"]
[Date "2025.10.05"]
[Round "7"]
[White "Besou, Jad"]
[Black "Kutlar, Aras"]
[Result "0-1"]
[Termination "normal"]
[Board "5.5"]
[WhiteElo "1865"]
[BlackElo "1819"]
[WhiteClock "00:13:24"]
[BlackClock "00:32:06"]
[WhiteTeam "Nordrhein-Westfalen 2"]
[BlackTeam "Hamburg 1"]
[PlyCount "54"]
[WhiteFideId "34631348"]
[BlackFideId "51682117"]
[EventCountry "GER"]
[EventRounds "7"]
[EventType "team-swiss"]
[EventDate "2025.09.30"]

1. e4 {[%clk 01:30:59]} c5 {[%clk 01:30:48]} {[%emt 00:00:12]} 2. Nf3 {[%clk
01:31:21]} {[%emt 00:00:08]} g6 {[%clk 01:30:32]} {[%emt 00:00:46]} 3. d4
{[%emt 00:01:38]} cxd4 {[%clk 01:30:37]} 4. Nxd4 {[%clk 01:30:57]} {[%emt
00:00:10]} Nc6 {[%clk 01:30:54]} {[%emt 00:00:12]} 5. Nc3 {[%clk 01:28:46]}
{[%emt 00:02:42]} Bg7 {[%clk 01:30:31]} {[%emt 00:00:53]} 6. Be3 {[%clk
01:27:40]} {[%emt 00:01:36]} d6 {[%clk 01:29:32]} {[%emt 00:01:30]} 7. Be2
{[%clk 01:26:37]} {[%emt 00:01:33]} Nf6 {[%clk 01:29:34]} {[%emt 00:00:27]} 8.
O-O {[%clk 01:26:34]} {[%emt 00:00:33]} O-O {[%clk 01:29:29]} {[%emt 00:00:35]}
9. Re1 {[%clk 01:25:19]} {[%emt 00:01:46]} Bd7 {[%clk 01:29:10]} {[%emt
00:00:48]} 10. h3 {[%clk 01:22:11]} {[%emt 00:03:38]} Qa5 {[%clk 01:22:16]}
{[%emt 00:07:23]} 11. Nb3 {[%clk 01:16:12]} {[%emt 00:06:30]} Qc7 {[%clk
01:19:36]} {[%emt 00:03:10]} 12. f4 {[%clk 01:12:25]} {[%emt 00:04:17]} a6
{[%clk 01:14:54]} {[%emt 00:05:12]} 13. Bf3 {[%clk 01:10:11]} {[%emt 00:02:44]}
Rab8 {[%clk 01:13:29]} {[%emt 00:01:54]} 14. Qd2 {[%clk 01:03:04]} {[%emt
00:07:37]} Rfc8 {[%clk 01:10:19]} {[%emt 00:03:41]} 15. Ne2 {[%clk 00:58:54]}
{[%emt 00:04:40]} b5 {[%clk 01:06:17]} {[%emt 00:04:31]} 16. c3 {[%clk
00:57:09]} {[%emt 00:02:16]} b4 {[%clk 01:02:24]} {[%emt 00:04:22]} 17. Rac1
{[%clk 00:53:12]} {[%emt 00:04:28]} Qd8 {[%clk 00:52:51]} {[%emt 00:10:03]} 18.
g4 {[%clk 00:45:49]} {[%emt 00:07:53]} Ne8 {[%clk 00:47:59]} {[%emt 00:05:21]}
19. Kh2 {[%clk 00:44:22]} {[%emt 00:01:58]} Na5 {[%clk 00:44:05]} {[%emt
00:04:23]} 20. Qc2 {[%emt 00:17:53]} Ba4 {[%clk 00:40:21]} {[%emt 00:04:12]}
21. Rb1 {[%clk 00:24:56]} {[%emt 00:02:36]} bxc3 {[%clk 00:37:45]} {[%emt
00:03:07]} 22. bxc3 {[%clk 00:25:10]} {[%emt 00:00:14]} Nc4 {[%clk 00:37:46]}
{[%emt 00:00:28]} 23. Qc1 {[%clk 00:23:45]} {[%emt 00:01:56]} Nc7 {[%clk
00:36:04]} {[%emt 00:02:11]} 24. Bd2 {[%clk 00:19:03]} {[%emt 00:05:14]} Nb5
{[%clk 00:32:54]} {[%emt 00:03:39]} 25. Na1 {[%clk 00:15:27]} {[%emt 00:04:05]}
Nba3 {[%clk 00:31:44]} {[%emt 00:01:40]} 26. Rxb8 {[%clk 00:15:36]} {[%emt
00:00:21]} Rxb8 {[%clk 00:32:06]} {[%emt 00:00:07]} 27. f5 {[%clk 00:13:24]}
{[%emt 00:02:44]} Rb1 {[%emt 00:01:33]} 0-1

[Event "Deutsche Ländermeisterschaft 2025"]
[Site "Oer-Erkenschwick GER"]
[Date "2025.10.05"]
[Round "7"]
[White "Busch, Lara Sophie"]
[Black "Allen, Phillipp"]
[Result "1/2-1/2"]
[Termination "normal"]
[Board "5.6"]
[WhiteElo "1704"]
[BlackElo "1864"]
[WhiteClock "00:28:55"]
[BlackClock "00:33:00"]
[WhiteTeam "Hamburg 1"]
[BlackTeam "Nordrhein-Westfalen 2"]
[PlyCount "96"]
[WhiteFideId "34664866"]
[BlackFideId "16272846"]
[EventCountry "GER"]
[EventRounds "7"]
[EventType "team-swiss"]
[EventDate "2025.09.30"]

1. e4 {[%clk 01:30:57]} {[%emt 00:00:03]} d6 {[%clk 01:30:56]} {[%emt
00:00:04]} 2. d4 {[%clk 01:31:06]} {[%emt 00:00:22]} Nf6 {[%clk 01:31:21]}
{[%emt 00:00:04]} 3. Nc3 {[%clk 01:31:24]} {[%emt 00:00:13]} Nbd7 {[%clk
01:31:47]} {[%emt 00:00:04]} 4. Nf3 {[%clk 01:31:33]} {[%emt 00:00:21]} e5
{[%clk 01:32:11]} {[%emt 00:00:06]} 5. d5 {[%clk 01:31:00]} {[%emt 00:01:03]}
Nc5 {[%clk 01:32:12]} {[%emt 00:00:30]} 6. Bd3 {[%clk 01:29:55]} {[%emt
00:01:34]} Be7 {[%clk 01:32:32]} {[%emt 00:00:10]} 7. Be3 {[%clk 01:29:04]}
{[%emt 00:01:20]} Nxd3+ {[%clk 01:32:56]} {[%emt 00:00:06]} 8. Qxd3 {[%clk
01:28:40]} {[%emt 00:00:54]} O-O {[%clk 01:33:17]} {[%emt 00:00:10]} 9. h3
{[%clk 01:28:13]} {[%emt 00:00:57]} Nh5 {[%clk 01:17:53]} {[%emt 00:15:54]} 10.
g4 {[%clk 01:21:55]} {[%emt 00:06:47]} Nf6 {[%clk 01:12:33]} {[%emt 00:05:51]}
11. O-O-O {[%clk 01:17:17]} {[%emt 00:05:07]} c5 {[%clk 01:08:24]} {[%emt
00:04:39]} 12. Nxe5 {[%clk 01:14:03]} {[%emt 00:03:45]} dxe5 {[%clk 01:06:52]}
{[%emt 00:02:01]} 13. d6 {[%clk 01:13:51]} {[%emt 00:00:42]} b6 {[%clk
01:02:37]} {[%emt 00:04:46]} 14. dxe7 {[%clk 01:01:55]} {[%emt 00:12:26]} Qxe7
{[%clk 01:03:03]} {[%emt 00:00:04]} 15. Bg5 {[%clk 00:55:58]} {[%emt 00:06:25]}
Be6 {[%clk 00:57:14]} {[%emt 00:06:20]} 16. f4 {[%clk 00:49:04]} {[%emt
00:07:24]} Rad8 {[%clk 00:54:38]} {[%emt 00:03:07]} 17. Qe2 {[%clk 00:45:35]}
{[%emt 00:03:54]} h6 {[%clk 00:44:32]} {[%emt 00:10:41]} 18. Bxf6 {[%clk
00:40:16]} {[%emt 00:05:49]} Qxf6 {[%clk 00:44:31]} {[%emt 00:00:29]} 19. f5
{[%clk 00:39:20]} {[%emt 00:01:27]} Rxd1+ {[%clk 00:25:36]} {[%emt 00:19:25]}
20. Rxd1 {[%clk 00:38:44]} {[%emt 00:01:06]} Bc8 {[%clk 00:25:30]} {[%emt
00:00:36]} 21. Nd5 {[%clk 00:36:29]} {[%emt 00:02:45]} Qg5+ {[%clk 00:25:45]}
{[%emt 00:00:16]} 22. Qe3 {[%clk 00:34:10]} {[%emt 00:02:46]} Bb7 {[%clk
00:21:16]} {[%emt 00:05:02]} 23. Qxg5 {[%clk 00:34:16]} {[%emt 00:00:24]} hxg5
{[%clk 00:21:44]} {[%emt 00:00:01]} 24. c4 {[%clk 00:32:48]} {[%emt 00:01:58]}
f6 {[%clk 00:16:22]} {[%emt 00:05:52]} 25. Nc3 {[%clk 00:27:55]} Bc6 {[%clk
00:11:06]} {[%emt 00:11:10]} 26. Rd6 {[%clk 00:27:27]} Rc8 {[%clk 00:11:06]}
27. Nd5 {[%clk 00:27:27]} Kf7 {[%clk 00:11:06]} 28. Re6 {[%clk 00:27:27]} Bxd5
{[%clk 00:11:06]} 29. cxd5 {[%clk 00:27:27]} Kf8 {[%clk 00:02:46]} {[%emt
00:18:45]} 30. Kc2 {[%clk 00:21:25]} Re8 {[%clk 00:02:28]} {[%emt 00:01:22]}
31. Rxe8+ {[%clk 00:13:37]} Kxe8 {[%clk 00:02:53]} {[%emt 00:08:23]} 32. Kc3
{[%clk 00:11:34]} b5 {[%clk 00:03:00]} {[%emt 00:02:56]} 33. a4 {[%clk
00:11:16]} {[%emt 00:00:49]} a6 {[%clk 00:03:17]} {[%emt 00:00:13]} 34. Kb3
{[%clk 00:06:21]} {[%emt 00:05:24]} Kf7 {[%clk 00:02:57]} {[%emt 00:00:50]} 35.
Kc3 {[%clk 00:06:23]} {[%emt 00:00:28]} g6 {[%clk 00:03:04]} {[%emt 00:00:22]}
36. Kd3 {[%clk 00:05:43]} {[%emt 00:01:10]} gxf5 {[%clk 00:03:28]} {[%emt
00:00:06]} 37. gxf5 {[%clk 00:05:47]} {[%emt 00:00:25]} Ke7 {[%clk 00:03:46]}
{[%emt 00:00:13]} 38. a5 {[%clk 00:04:20]} {[%emt 00:01:57]} c4+ {[%clk
00:01:55]} {[%emt 00:02:22]} 39. Kc3 {[%clk 00:04:28]} {[%emt 00:00:22]} Kd7
{[%clk 00:02:17]} {[%emt 00:00:08]} 40. b3 {[%clk 00:03:34]} {[%emt 00:01:24]}
cxb3 {[%clk 00:02:43]} {[%emt 00:00:05]} 41. Kxb3 {[%clk 00:03:52]} {[%emt
00:00:12]} Kc7 {[%clk 00:03:02]} {[%emt 00:00:10]} 42. Kc3 {[%clk 00:03:33]}
{[%emt 00:00:49]} Kd7 {[%clk 00:03:17]} {[%emt 00:00:16]} 43. Kb3 {[%clk
00:03:25]} {[%emt 00:00:38]} Kd6 {[%clk 00:01:21]} {[%emt 00:02:23]} 44. Kb4
{[%clk 00:03:31]} {[%emt 00:00:28]} Kc7 {[%clk 00:01:42]} {[%emt 00:00:09]} 45.
Kb3 {[%clk 00:29:11]} {[%emt 00:04:23]} Kd6 {[%clk 00:31:48]} {[%emt 00:00:50]}
46. Kb4 {[%clk 00:29:14]} {[%emt 00:00:27]} Kd7 {[%clk 00:32:12]} {[%emt
00:00:06]} 47. Kb3 {[%clk 00:28:55]} {[%emt 00:00:49]} Kc7 {[%clk 00:32:33]}
{[%emt 00:00:09]} 48. Kc3 {[%clk 00:28:55]} {[%emt 00:00:28]} Kd6 {[%clk
00:33:00]} {[%emt 00:00:04]} 1/2-1/2

[Event "Deutsche Ländermeisterschaft 2025"]
[Site "Oer-Erkenschwick GER"]
[Date "2025.10.05"]
[Round "7"]
[White "Bohatyrova, Mariia"]
[Black "Du, Vivian"]
[Result "1-0"]
[Termination "normal"]
[Board "5.7"]
[WhiteElo "1793"]
[BlackElo "1440"]
[WhiteClock "00:20:58"]
[BlackClock "01:00:05"]
[WhiteTeam "Nordrhein-Westfalen 2"]
[BlackTeam "Hamburg 1"]
[PlyCount "73"]
[WhiteFideId "34165789"]
[BlackFideId "533025924"]
[EventCountry "GER"]
[EventRounds "7"]
[EventType "team-swiss"]
[EventDate "2025.09.30"]

1. e4 {[%clk 01:30:57]} {[%emt 00:00:02]} e5 {[%clk 01:30:55]} {[%emt
00:00:05]} 2. Nf3 {[%clk 01:31:11]} {[%emt 00:00:16]} Nc6 {[%clk 01:31:19]}
{[%emt 00:00:06]} 3. Bb5 {[%clk 01:31:34]} {[%emt 00:00:07]} a6 {[%clk
01:31:36]} {[%emt 00:00:12]} 4. Ba4 {[%clk 01:31:41]} {[%emt 00:00:23]} b5
{[%clk 01:31:28]} {[%emt 00:00:39]} 5. Bb3 {[%clk 01:32:00]} {[%emt 00:00:10]}
Nf6 {[%clk 01:31:37]} {[%emt 00:00:22]} 6. Qe2 {[%clk 01:32:20]} {[%emt
00:00:10]} Be7 {[%clk 01:31:01]} {[%emt 00:01:06]} 7. O-O {[%clk 01:32:22]}
{[%emt 00:00:28]} O-O {[%clk 01:31:07]} {[%emt 00:00:24]} 8. c3 {[%clk
01:31:58]} {[%emt 00:00:54]} Bb7 {[%clk 01:30:03]} {[%emt 00:01:34]} 9. Rd1
{[%clk 01:20:43]} {[%emt 00:11:44]} Re8 {[%clk 01:26:14]} {[%emt 00:04:19]} 10.
d3 {[%clk 01:17:09]} {[%emt 00:04:04]} d6 {[%clk 01:21:42]} {[%emt 00:05:02]}
11. Nbd2 {[%clk 01:14:06]} {[%emt 00:03:32]} Na5 {[%clk 01:20:47]} {[%emt
00:01:26]} 12. Bc2 {[%clk 01:14:10]} {[%emt 00:00:25]} c5 {[%clk 01:19:00]}
{[%emt 00:02:18]} 13. Nf1 {[%clk 00:59:31]} {[%emt 00:15:09]} Qd7 {[%clk
01:13:23]} {[%emt 00:06:07]} 14. Ng3 {[%clk 00:48:17]} {[%emt 00:11:43]} d5
{[%clk 01:10:23]} {[%emt 00:03:31]} 15. exd5 {[%clk 00:35:33]} {[%emt
00:13:15]} Qxd5 {[%clk 01:09:33]} {[%emt 00:01:20]} 16. Qxe5 {[%clk 00:34:17]}
{[%emt 00:01:45]} Qxe5 {[%clk 01:09:32]} {[%emt 00:00:31]} 17. Nxe5 {[%clk
00:34:39]} {[%emt 00:00:09]} Bd6 {[%clk 01:09:43]} {[%emt 00:00:18]} 18. Nf3
{[%clk 00:34:32]} {[%emt 00:00:37]} Bxg3 {[%clk 01:09:36]} {[%emt 00:00:37]}
19. hxg3 {[%clk 00:34:49]} {[%emt 00:00:13]} Bxf3 {[%clk 01:08:07]} {[%emt
00:01:59]} 20. gxf3 {[%clk 00:35:10]} {[%emt 00:00:09]} Re2 {[%clk 01:07:55]}
{[%emt 00:00:42]} 21. Bb3 {[%clk 00:30:12]} {[%emt 00:05:27]} Nxb3 {[%clk
01:06:39]} {[%emt 00:01:47]} 22. axb3 {[%clk 00:30:36]} {[%emt 00:00:06]} Re6
{[%clk 01:06:42]} {[%emt 00:00:27]} 23. Be3 {[%clk 00:29:06]} {[%emt 00:02:00]}
Rc8 {[%clk 01:06:31]} {[%emt 00:00:41]} 24. d4 {[%clk 00:23:55]} {[%emt
00:05:42]} cxd4 {[%clk 01:06:14]} {[%emt 00:00:47]} 25. Rxd4 {[%clk 00:24:11]}
{[%emt 00:00:13]} h6 {[%clk 01:05:39]} {[%emt 00:01:06]} 26. Rad1 {[%clk
00:23:25]} {[%emt 00:01:16]} a5 {[%clk 01:01:44]} {[%emt 00:04:24]} 27. Rd8+
{[%clk 00:22:42]} {[%emt 00:01:13]} Rxd8 {[%clk 01:01:57]} {[%emt 00:00:17]}
28. Rxd8+ {[%clk 00:23:02]} {[%emt 00:00:10]} Re8 {[%clk 01:02:10]} {[%emt
00:00:18]} 29. Rd6 {[%clk 00:21:26]} {[%emt 00:02:04]} Kh7 {[%clk 00:59:24]}
{[%emt 00:03:17]} 30. Ra6 {[%clk 00:20:49]} {[%emt 00:01:06]} Nd5 {[%clk
00:59:12]} {[%emt 00:00:43]} 31. Rxa5 {[%clk 00:20:18]} {[%emt 00:01:01]} Nxe3
{[%clk 00:59:13]} {[%emt 00:00:29]} 32. fxe3 {[%clk 00:20:44]} {[%emt
00:00:05]} Rxe3 {[%clk 00:59:33]} {[%emt 00:00:10]} 33. Kf2 {[%clk 00:21:07]}
{[%emt 00:00:06]} Rd3 {[%clk 00:59:47]} {[%emt 00:00:16]} 34. Ke2 {[%clk
00:21:03]} {[%emt 00:00:33]} Rd6 {[%clk 00:59:57]} {[%emt 00:00:21]} 35. Rxb5
{[%clk 00:21:13]} {[%emt 00:00:20]} g5 {[%clk 00:59:45]} {[%emt 00:00:42]} 36.
c4 {[%clk 00:20:57]} {[%emt 00:00:46]} Rg6 {[%clk 01:00:05]} {[%emt 00:00:11]}
37. g4 {[%clk 00:20:58]} {[%emt 00:00:29]} 1-0